00721 2200253 4500001002100000005001700021008004100038020002300079035002400102040001200126082002200138084002200160090002200182100001700204245006800221250001100289260003300300300003500333650002200368700002300390850001200413990002100425990002100446INLIS00000000000056120141029075710.0  a979-0-901-3902-1-8 0010-101400000000456 aYOPDYOG aDEP 782.265 Yul S aDEP 782.265 Yul S aDEP 782.265 Yul S aYULIA RENDRA a100 lagu wajib nasional dan perjuangan terpopulercYulia Rendra aCet. 1 aYogyakartabKana Mediac2013 a144 hlm.c28 cm + CD [ 2 eks.] aNyanyian nasional aRedaksi Kana Media aYOPDYOG aCB-D.11-2013-825 aCB-D.11-2013-853